000 00356cam a2200145ua 4500
041 _amal
_h
082 _a894.812301
_bRAJ/NI
100 _aRajan, A D .
245 _aNilavinte pookal /
_cA D Rajan.
_hTextual Documents
260 _aAlappuzha :
_bSreevani Publications ,
_c1999.
300 _a119 ; .
504 _a
942 _cBK
999 _c5969
_d5969